000 00914nam a22002897a 4500
001 BR9404770
003 BR-BrBNA
005 20230928094250.0
007 ta
008 230509b bl.||||| |||| 00| 0 por d
040 _aBR-BrBNA
_bpor
_cBiblioteca Nacional de Agricultura
041 _a(Por)
072 _aE14
090 _ E14 BR9404770
110 1 _aMinisterio da Previdencia e Assistencia Social, Brasilia, DF (Brasil)
_97058
245 1 _aProjeto: a politica social em tempo de crise: articulacao institucional e descentralizacao. Vol. 3. Avaliacao das politicas sociais brasileiras
260 3 _aBrasilia, DF (Brasil):
_c1989.
300 _a534 p.
500 _a50 tables
650 _aPolitica de Desenvolvimento
650 _aPolitica Social
650 _aAlimentacao
650 _aAssistencia Social
650 _aSaneamento Rural
909 _a202309
_bLucia
_c55
_dLucia Elande
942 _cBK
999 _c49737
_d49737